Modelové otázky z fyziky pro přijímací zkoušky /

Hlavní autor: Heřman, Petr, 1953-
Korporativní autor: Univerzita Karlova. Lékařská fakulta, 2.
Další autoři: Amler, Evžen, 1958-, Blažek, Tomáš, 1940-2004, Cipryánová, Marcela, -2008, Čepelková, Monika, Heřmanská, Jindřiška, 1950-, Jirsa, Ladislav, 1966-, Koláčná, Lucie, Pokorná, Hana, 1953-, Tomsa, Jan, 1961-, Vackář, Jiří, 1961-, Vackářová, Jana, 1961-, Varga, Ferdinand, 1978-
Jazyk: Čeština
Vydáno: Praha : Univerzita Karlova, 2. lékařská fakulta, 2019
Vydání: 7., upravené vydání
Témata:
Fyzický popis: 175 stran ; 21 cm
Knihy
Uloženo v:
LEADER 03051nam a2200721 i 4500
001 nkc20193158126
003 CZ PrNK
005 20221004090653.0
007 ta
008 191108s2019 xr e f 000 0 cze
015 |a cnb003158126 
020 |a 978-80-246-4445-5  |q (Karolinum ;  |q brožováno) 
035 |a (OCoLC)1140082077 
040 |a ABA001  |b cze  |e rda 
072 7 |a 53  |x Fyzika  |2 Konspekt  |9 6 
080 |a 53  |2 MRF 
080 |a 373.5.016  |2 MRF 
080 |a 37.091.212.2  |2 MRF 
080 |a 378  |2 MRF 
080 |a (079.1)  |2 MRF 
080 |a (035)  |2 MRF 
100 1 |a Heřman, Petr,  |d 1953-  |7 mzk2005317907  |4 aut 
245 1 0 |a Modelové otázky z fyziky pro přijímací zkoušky /  |c Petr Heřman, Evžen Amler, Tomáš Blažek, Marcela Cipryánová, Monika Čepelková, Jindřiška Heřmanská, Ladislav Jirsa, Lucie Koláčná, Hana Pokorná, Jan Tomsa, Jiří Vackář, Jana Vackářová, Ferdinand Varga 
250 |a 7., upravené vydání 
264 1 |a Praha :  |b Univerzita Karlova, 2. lékařská fakulta,  |c 2019 
300 |a 175 stran ;  |c 21 cm 
336 |a text  |b txt  |2 rdacontent 
337 |a bez média  |b n  |2 rdamedia 
338 |a svazek  |b nc  |2 rdacarrier 
500 |a Vydala Univerzita Karlova, nakladatelství Karolinum pro 2. lékařskou fakultu 
500 |a V roce 2020 1. a 2. dotisk, v roce 2021 3., 4. a 5. dotisk, v roce 2022 6. dotisk 
650 0 7 |a fyzika  |7 ph114601  |2 czenas 
650 0 7 |a učivo středních škol  |7 ph136702  |2 czenas 
650 0 7 |a přijímací zkoušky  |7 ph124916  |2 czenas 
650 0 7 |a vysoké školy  |7 ph116649  |2 czenas 
650 0 9 |a physics  |2 eczenas 
650 0 9 |a secondary school curriculum  |2 eczenas 
650 0 9 |a entrance examinations  |2 eczenas 
650 0 9 |a universities and colleges  |2 eczenas 
655 7 |a testy  |7 fd133697  |2 czenas 
655 7 |a příručky  |7 fd133209  |2 czenas 
655 9 |a tests  |2 eczenas 
655 9 |a handbooks and manuals  |2 eczenas 
700 1 |a Amler, Evžen,  |d 1958-  |7 xx0014074  |4 aut 
700 1 |a Blažek, Tomáš,  |d 1940-2004  |7 nlk20010092928  |4 aut 
700 1 |a Cipryánová, Marcela,  |d -2008  |7 xx0242462  |4 aut 
700 1 |a Čepelková, Monika  |7 xx0242469  |4 aut 
700 1 |a Heřmanská, Jindřiška,  |d 1950-  |7 mzk2005279547  |4 aut 
700 1 |a Jirsa, Ladislav,  |d 1966-  |7 mzk2005266387  |4 aut 
700 1 |a Koláčná, Lucie  |7 xx0242464  |4 aut 
700 1 |a Pokorná, Hana,  |d 1953-  |7 xx0242467  |4 aut 
700 1 |a Tomsa, Jan,  |d 1961-  |7 mzk2013764838  |4 aut 
700 1 |a Vackář, Jiří,  |d 1961-  |7 mzk2007394830  |4 aut 
700 1 |a Vackářová, Jana,  |d 1961-  |7 mzk2007394829  |4 aut 
700 1 |a Varga, Ferdinand,  |d 1978-  |7 mzk2007394831  |4 aut 
710 2 |a Univerzita Karlova.  |b Lékařská fakulta, 2.  |7 kn20010709367  |4 isb 
910 2 |a BOA001  |b 2-1441.259 
928 9 |a Karolinum 
990 |a BK 
995 |a 01 
991 |b 202001  |c NOV 
996 6 |b 2610809903  |c 2-1441.259  |l MZK  |r Sklad / do 1 hodiny  |n 1  |p p.v.  |w 001774125  |u 000010  |a 1  |e BOA001  |j MZK50  |s P 
996 7 |b 2610916249  |c 2-1441.259  |l Vol.výběr  |r VV 0p  |n 7  |p kup  |h 53 HEŘ  |w 001774125  |u 000030  |a 0  |e BOA001  |j MZK50  |s A